Seoul : (Record no. 5382)

MARC details
000 -LEADER
fixed length control field 01094nam a22003017a 4500
001 - CONTROL NUMBER
control field 5382
003 - CONTROL NUMBER IDENTIFIER
control field FISKH
005 - DATE AND TIME OF LATEST TRANSACTION
control field 20241129144319.0
008 - FIXED-LENGTH DATA ELEMENTS--GENERAL INFORMATION
fixed length control field 241129b cb ||||| |||| 00| 0 eng d
020 ## - INTERNATIONAL STANDARD BOOK NUMBER
International Standard Book Number 9781741047745
040 ## - CATALOGING SOURCE
Original cataloging agency FISKH
Language of cataloging eng
Transcribing agency FISKH
Modifying agency FISKH
050 ## - LIBRARY OF CONGRESS CALL NUMBER
Classification number DS925.S43
082 ## - DEWEY DECIMAL CLASSIFICATION NUMBER
Classification number 915
100 ## - MAIN ENTRY--PERSONAL NAME
Personal name Robinson, Martin
245 ## - TITLE STATEMENT
Title Seoul :
Remainder of title City Guide /
Statement of responsibility, etc. by Martin Robinson
260 ## - PUBLICATION, DISTRIBUTION, ETC.
Place of publication, distribution, etc. Oakland, CA :
Name of publisher, distributor, etc. Lonely Planet ;
Date of publication, distribution, etc. 2009.
300 ## - PHYSICAL DESCRIPTION
Extent 208 pages :
Other physical details color illustrations, maps ;
Dimensions 21 cm .
490 ## - SERIES STATEMENT
Series statement Lonely Planet
505 ## - FORMATTED CONTENTS NOTE
Formatted contents note Z <br/>
520 ## - SUMMARY, ETC.
Summary, etc. This guide to Seoul contains details on where and how to see the best the city has to offer. It includes: accommodation and restaurant suggestions for a range of budgets; information on days trips away from the city; advice on using public transport; and a shopping guide.
521 8# - TARGET AUDIENCE NOTE
Target audience note 1110 <br/>
Source Lexile <br/>
521 8# - TARGET AUDIENCE NOTE
Target audience note Z <br/>
Source Raz-Plus <br/>
650 ## - SUBJECT ADDED ENTRY--TOPICAL TERM
Topical term or geographic name entry element travel guide
Form subdivision Non-fiction
650 ## - SUBJECT ADDED ENTRY--TOPICAL TERM
Topical term or geographic name entry element Lonely Planet
Form subdivision Non-fiction
700 ## - ADDED ENTRY--PERSONAL NAME
Personal name Zahorchak, Jason
Relator term illustrator
942 ## - ADDED ENTRY ELEMENTS (KOHA)
Source of classification or shelving scheme Dewey Decimal Classification
Koha item type Books
Suppress in OPAC No
Holdings
Withdrawn status Lost status Source of classification or shelving scheme Damaged status Not for loan Collection Home library Current library Shelving location Date acquired Total Checkouts Full call number Barcode Date last seen Price effective from Koha item type
    Dewey Decimal Classification     Non-Fiction Footprints International School Library Network Toul Kork Campus Footprints International School Library Network Toul Kork Campus TTP Secondary Non-Fiction Bookshelves 11/29/2024   ROB 915 DS925.S43 FISSE03133 11/29/2024 11/29/2024 Books